MAASAI MARA UNIVERSITY

LIBRARY CATALOGUE

Contact Us: +254 020 2685356/7 or 0774 057787

Box: 861-20500, NAROK, KENYA

Email: info@mmarau.ac.ke

_General Biology 1 BIOL 151 (Record no. 12518)

MARC details
000 -LEADER
fixed length control field 00359nam a2200133Ia 4500
008 - FIXED-LENGTH DATA ELEMENTS--GENERAL INFORMATION
fixed length control field 151021s9999 xx 000 0 und d
020 ## - INTERNATIONAL STANDARD BOOK NUMBER
International Standard Book Number 9.7803902903e+012
050 ## - LIBRARY OF CONGRESS CALL NUMBER
Classification number QH 308.A 2010
245 ## - TITLE STATEMENT
Title _General Biology 1 BIOL 151
260 ## - PUBLICATION, DISTRIBUTION, ETC. (IMPRINT)
Place of publication, distribution, etc. U.S.A McGraw-Hill 2010
300 ## - PHYSICAL DESCRIPTION
Extent iv,152p,;Ill
650 ## - SUBJECT ADDED ENTRY--TOPICAL TERM
Topical term or geographic name as entry element _Membranes
980 ## - EQUIVALENCE OR CROSS-REFERENCE-SERIES STATEMENT--PERSONAL NAME/TITLE [LOCAL, CANADA]
Personal name ^d20120827 03:10:34^okorir

No items available.

© 2016 Maasai Mara University.